00760cam a2200205 a 4500020001500000082002900015100001600044245009800060250001200158260004100170300003600211500006800247526003700315650000900352650002700361700002800388700002000416856005500436856006300491 a034071920600a620.112bCAScN-01, P-891 aCase, John,10aStrength of materials and structures /cJohn Case, Lord Chilver of Cranfield, Carl T.F. Ross. a4th ed. aLondon ;aNew York :bArnold,c1999. axii, 706 p. :billus. ;c25 cm. aFirst ed. published in 1959 under title: Strength of materials. a0b0c0d620_112000000000000_CAS 0aNUST 0aStrength of materials.1 aChilver, Henry Chilver,1 aRoss, C. T. F.,41uhttp://www.loc.gov/catdir/toc/els051/00265562.html42uhttp://www.loc.gov/catdir/description/els031/00265562.html